The Protestant work ethic : the psychology of work-related beliefs and behaviours

Αποθηκεύτηκε σε:
Λεπτομέρειες βιβλιογραφικής εγγραφής
Κύριος συγγραφέας: Furnham, Adrian
Μορφή: Βιβλίο
Γλώσσα:English
Δημοσίευση: London : Routledge, c1990
Θέματα:
Ετικέτες: Προσθήκη ετικέτας
Δεν υπάρχουν, Καταχωρήστε ετικέτα πρώτοι!

MARC

LEADER 00000nam a2200000 i 4500
001 1/91728
008 991103s1990 eng d
020 |a 0-415-01705-X 
035 |l 10053734 
040 |a GR-MY-UA  |b gre  |e aacr 
041 0 |a eng 
082 0 |a 306.3613 
100 1 |a Furnham, Adrian. 
245 1 4 |a The Protestant work ethic :  |b the psychology of work-related beliefs and behaviours /  |c Adrian Furnham 
260 |a London :   |b Routledge,   |c c1990 
300 |a 305 p. 
504 |a Bibliography: p. 282-298: Includes index 
650 0 0 |a Protestant work ethic  |x Psychological aspects. 
852 |a INST  |b LESVOS  |e 19991103  |h 306.3613 FUR  |p 005100022087  |q 005100022087  |t BK  |y 0 
901 |a BIBL1-2000-1 
909 |a Λ  |b 066417 
922 |a 1ΕΛΗ  |b 199906  |c ΚΠΣ/ΤΚ  |d ΠΑΠΑΣΩΤΗΡΙΟΥ 
950 |a 103-1998-07-27 
970 |a ΤΖΑΦΕΡΗ  |b ΕΥΑΓΓΕΛΙΑ  |z 2000/01/25